Přechod čs. účetnictví na podmínky zemí Evropských společenství.
Možnosti a spôsob transformácie čs. účtovných výkazov - rozvahy a výsledovky - na formy uplatňované vo vyspelých krajinách, osobitne v západnej Európe. Otázka prevodu účtovných údajov na vyjadrenie v zahraničnej mene.
Salvato in:
| Autore principale: | |
|---|---|
| Natura: | Capitolo di libro |
| Lingua: | ceco |
| Soggetti: | |
| Tags: |
Nessun Tag, puoi essere il primo ad aggiungerne!!
|
MARC
| LEADER | 00000naa a2200000 4500 | ||
|---|---|---|---|
| 001 | r007339 | ||
| 005 | 20220831084036.3 | ||
| 041 | 0 | |a cze | |
| 044 | |a [CS] | ||
| 245 | 1 | 0 | |a Přechod čs. účetnictví na podmínky zemí Evropských společenství. |c R. Kosina |
| 520 | |a Možnosti a spôsob transformácie čs. účtovných výkazov - rozvahy a výsledovky - na formy uplatňované vo vyspelých krajinách, osobitne v západnej Európe. Otázka prevodu účtovných údajov na vyjadrenie v zahraničnej mene. | ||
| 610 | 2 | 0 | |a účtovníctvo |
| 610 | 2 | 0 | |a ČSFR |
| 610 | 2 | 0 | |a západná Európa |
| 100 | 1 | |a Kosina, R. | |